000 00906pam a2200265 a 4500
001 32430628
003 OSt
005 20250512151107.0
008 950417t19951995nyua b 001 0 eng
020 _a9780814478820 (paperback)
040 _aDLC
_cDLC
_dNUST
_beng
_erda
050 0 0 _aHD66 DUB
100 1 _aDuBrin, Andrew J
_eAuthor
245 1 4 _aThe breakthrough team player :
_bbecoming the M.V.P. on your workplace team /
_cAndrew J DuBrin.
260 _aNew York :
_bAMACOM,
_c1995.
300 _axiv, 175 pages :
_bIllustrations ;
_c23 cm.
336 _atext
_btxt
_2rdacontent
337 _aunmediated
_bn
_2rdamedia
338 _avolume
_bnc
_2rdacarrier
504 _aIncludes bibliographical references and index.
650 0 _vTeams in the workplace.
650 0 _vInterpersonal communication.
650 0 _vInterpersonal relations.
942 _2lcc
_cBOOKS
_hHD66 DUB
_kHD
_mDUB
_n0
999 _c171755
_d171755